<?xml version="1.0" encoding="UTF-8"?><?xml-stylesheet type="text/xsl" href="static/style.xsl"?><OAI-PMH xmlns="http://www.openarchives.org/OAI/2.0/" xmlns:xsi="http://www.w3.org/2001/XMLSchema-instance" xsi:schemaLocation="http://www.openarchives.org/OAI/2.0/ http://www.openarchives.org/OAI/2.0/OAI-PMH.xsd"><responseDate>2026-06-01T09:39:55Z</responseDate><request verb="GetRecord" identifier="oai:riuma.uma.es:10630/25890" metadataPrefix="marc">https://riuma.uma.es/rest/oai/request</request><GetRecord><record><header><identifier>oai:riuma.uma.es:10630/25890</identifier><datestamp>2026-02-03T10:56:14Z</datestamp><setSpec>com_10630_2254</setSpec><setSpec>col_10630_37953</setSpec></header><metadata><record xmlns="http://www.loc.gov/MARC21/slim" xmlns:dcterms="http://purl.org/dc/terms/" xmlns:doc="http://www.lyncode.com/xoai" xmlns:xsi="http://www.w3.org/2001/XMLSchema-instance" xsi:schemaLocation="http://www.loc.gov/MARC21/slim http://www.loc.gov/standards/marcxml/schema/MARC21slim.xsd">
   <leader>00925njm 22002777a 4500</leader>
   <datafield ind2=" " ind1=" " tag="042">
      <subfield code="a">dc</subfield>
   </datafield>
   <datafield ind2=" " ind1=" " tag="720">
      <subfield code="a">Florido Benítez, Lázaro</subfield>
      <subfield code="e">author</subfield>
   </datafield>
   <datafield ind2=" " ind1=" " tag="720">
      <subfield code="a">Aldeanueva-Fernández, Ignacio</subfield>
      <subfield code="e">author</subfield>
   </datafield>
   <datafield ind2=" " ind1=" " tag="260">
      <subfield code="c">2022-11-10</subfield>
   </datafield>
   <datafield ind2=" " ind1=" " tag="520">
      <subfield code="a">This study aimed to provide an assessment of marketing on international business and to organize and classify the literature on marketing in order to clarify the importance of this tool and encourage future research in the projection of international business marketing (IBM) and the power of the ubiquity of this tool in the hands of the users. It is a bibliometric study, and this work focused on international business and marketing articles published in major international marketing, expansion, strategies, and business journals from 2000 to 2020; this topic is scattered across various journals and second data in many disciplines. The investigation reviewed and collected data on the specific paradigm of research that discusses, investigates, and evaluates the topic of IBM. The results showed a new paradigm applied to the topic of IBM and classified it into four first-order research streams: academic research, international business, international development strategies, and customers. The contribution of this study is important in order to identify new challenges and opportunities for marketers, researchers and international companies and in terms of disentangling existing contradictions, applying a new theoretical framework to make better future decisions by large companies, and providing a higher quality to new research in the context of IBM.</subfield>
   </datafield>
   <datafield ind1="8" ind2=" " tag="024">
      <subfield code="a">Florido-Benítez L, Aldeanueva Fernández I. Fusionando Negocios Internacionales y Marketing: Un Estudio Bibliométrico. Ciencias Administrativas . 2022; 12(4):159. https://doi.org/10.3390/admsci12040159</subfield>
   </datafield>
   <datafield ind1="8" ind2=" " tag="024">
      <subfield code="a">https://hdl.handle.net/10630/25890</subfield>
   </datafield>
   <datafield ind1="8" ind2=" " tag="024">
      <subfield code="a">https://doi.org/10.3390/admsci12040159</subfield>
   </datafield>
   <datafield tag="653" ind2=" " ind1=" ">
      <subfield code="a">Marketing internacional</subfield>
   </datafield>
   <datafield ind2="0" ind1="0" tag="245">
      <subfield code="a">Fusión de negocios internacionales y marketing: un estudio bibliométrico</subfield>
   </datafield>
</record>
</metadata></record></GetRecord></OAI-PMH>